Música sudamericana
Sábháilte in:
| Príomhchruthaitheoir: | |
|---|---|
| Formáid: | LEABHAR |
| Teanga: | Spáinnis |
| Foilsithe / Cruthaithe: |
Buenos Aires
EMECE
1946
|
| Sraith: | Colección Buen Aire, 6
|
| Ábhair: | |
| Clibeanna: |
Cuir clib leis
Níl clibeanna ann, Bí ar an gcéad duine le clib a chur leis an taifead seo!
|
MARC
| LEADER | 00000nam a2200000 a 4500 | ||
|---|---|---|---|
| 001 | UCN2952 | ||
| 003 | CL-VaPUC | ||
| 005 | 20241025093244.0 | ||
| 008 | 010615e19460000AG |||||||||||||||||spa|d | ||
| 999 | |c 295968 |d 295966 | ||
| 040 | |c Pontificia Universidad Católica de Valparaíso | ||
| 082 | 0 | 4 | |a 780.98 |b VEG |2 21 |
| 100 | 0 | |a Vega, Carlos |e author |9 344560 | |
| 245 | 1 | 0 | |a Música sudamericana |
| 260 | |a Buenos Aires |b EMECE |c 1946 | ||
| 300 | |a 117 p | ||
| 490 | 0 | |a Colección Buen Aire, 6 | |
| 583 | |a last modification |c 20010615 00:00:00 |k Rodrigo Vera | ||
| 650 | 0 | |a Música americana |2 CL-VaPUC |9 459283 | |
| 650 | 0 | |a Música precolombina |9 408770 | |
| 650 | 0 | |a Música tradicional |9 459272 | |
| 650 | 0 | |a Música folklórica |9 306412 | |
| 650 | 0 | |a Danzas folklóricas |9 330042 | |
| 942 | |c BK |2 ddc | ||
| 945 | |d 20010615 00:00:00 |a crobeson | ||
| 952 | |0 0 |1 0 |4 0 |6 780_980000000000000_VEG_1946 |7 0 |8 A |9 349426 |a BIBEDU |b BIBEDU |d 2019-11-20 |i 1186604 |o 780.98 VEG 1946 |p 1186604 |r 2023-01-12 |w 2019-11-20 |y BK |k MUS | ||